Statistics for Pretty Little Liars - season 1 -A messages

Click here to take the quiz!

General Stats

  • This quiz has been taken 1,932 times
  • The average score is 13 of 15

Answer Stats

Hint Answer % Correct
Poor ____. Always wants Melissa's boyfriends. But remember, if you kiss I tell. -ASpencer
99%
"Hey __! I've been replaced. You've found another friend to kiss! -A"Emily
98%
Maybe he fools around with the students all of the time. A lot of teachers do. Just ask your dad. -AAria
98%
Be careful, ____. I hear prison food makes you fat. -AHanna
98%
Heads up, hon. Hefty ___ never gets the guy. --AHanna
87%
I'm still here, bitches, and I know everything. -AAll
86%
When students kiss teachers, someone gets HURT. That's a promise I'll keep... --AAria
86%
Lucky you, ____! Other girls have to do their homework. You get to do the teacher... --AAria
84%
Did you get a good night kiss? Here's one from me. xo... --AEmily
83%
Dead Girls Walking... -AAria
82%
Won't be that easy Bitches -AAll
81%
Heads up, BFFs. It's open season on liars and I'm hunting... --AAll
80%
Now I know TWO secrets. Hanna got dissed...and Emily got KISSED! -AHanna
79%
Ever wonder what's going on when your back is turned? -AHanna
78%
If only she could see how guilty you look... --AAll
76%

Score Distribution

Percentile by Number Answered

Percent of People with Each Score

Your Score History

You have not taken this quiz